000
00298nam a2200121Ia 4500
008
190216s9999||||xx |||||||||||||| ||und||
100
_a
Yogendrakumar Lalla
245
0
_a
Hindi-Hindi Lerivkaom Ki Kshethr Kahaniyam
260
_b
John Wiley & Sons
300
_a
288
650
_a
Hindi
942
_c
BK
999
_c
16045
_d
16045